Т. 1 : Численное решение дифференциальных уравнений с частными производными и интегральных уравнений; Избранные труды

Dettagli Bibliografici
Parent link:Избранные труды: в 2 т./ Ш. Е. Микеладзе; Академия наук Грузинской ССР. Т. 1 : Численное решение дифференциальных уравнений с частными производными и интегральных уравнений.— , 1979-
Lingua:russo
Pubblicazione: 1979
Soggetti:
Natura: MixedMaterials Libro
KOHA link:https://koha.lib.tpu.ru/cgi-bin/koha/opac-detail.pl?biblionumber=367850

MARC

LEADER 00000nam2a2200000 4500
001 367850
005 20231102012026.0
035 |a (RuTPU)RU\TPU\retro\25213 
090 |a 367850 
100 |a 20220324d1979 km y0rusy50 ca 
101 0 |a rus 
102 |a RU 
105 |a a z 001zy 
200 0 |a Т. 1 : Численное решение дифференциальных уравнений с частными производными и интегральных уравнений 
210 |d 1979 
215 |a 326 с.  |c ил. 
320 |a Список трудов: с. 317-324 
461 1 |0 (RuTPU)RU\TPU\retro\20740  |t Избранные труды  |o в 2 т.  |f Ш. Е. Микеладзе  |g Академия наук Грузинской ССР  |v Т. 1 : Численное решение дифференциальных уравнений с частными производными и интегральных уравнений  |d 1979- 
606 1 |a Дифференциальные уравнения с частными производными  |x Решение  |x Численные методы  |2 stltpush  |3 (RuTPU)RU\TPU\subj\9726  |9 36905 
610 1 |a интегральные уравнения 
610 1 |a интегрирование 
610 1 |a вычислительная математика 
610 1 |a линейные дифференциальные уравнения 
610 1 |a приближенные решения 
675 |a 517.63  |v 4 
801 1 |a RU  |b 63413507  |c 20220324 
942 |c BK